LEADER 00930nas 2200361 c 450 001 9910894795703321 005 20260218111047.0 035 $a(CKB)3790000000119087 035 $a(DE-599)ZDB2487995-2 035 $a(OCoLC)645496795 035 $a(DE-101)993475884 035 $a(DE-599)2487995-2 035 $a(EXLCZ)993790000000119087 100 $a20090330b17481748 |y | 101 0 $ager 135 $aur||||||||||| 181 $ctxt$2rdacontent 182 $cc$2rdamedia 183 $acr$2rdacarrier 200 00$a˜Derœ Menschenfreund$eein Wochenblat 210 31$aJena$cGollner$d1748-1748 215 $aOnline-Ressource 517 $aMenschenfreund, Der 517 1 $aWochenblatt 608 $aZeitschrift$2gnd-content 676 $a050 801 0$b8999 801 1$bDE-101 801 2$b9999 906 $aJOURNAL 912 $a9910894795703321 996 $aMenschenfreund$94252347 997 $aUNINA